<?xml version="1.0" encoding="UTF-8"?>
<record
    xmlns:xsi="http://www.w3.org/2001/XMLSchema-instance"
    xsi:schemaLocation="http://www.loc.gov/MARC21/slim http://www.loc.gov/standards/marcxml/schema/MARC21slim.xsd"
    xmlns="http://www.loc.gov/MARC21/slim">

  <leader>01292cam a2200289 i 4500</leader>
  <controlfield tag="001">017377023</controlfield>
  <controlfield tag="005">20161122145458.0</controlfield>
  <controlfield tag="008">131105t2014    nbua   frb   s001 0 eng d</controlfield>
  <datafield tag="020" ind1=" " ind2=" ">
    <subfield code="a">9781612346502</subfield>
  </datafield>
  <datafield tag="020" ind1=" " ind2=" ">
    <subfield code="a">9781612346519</subfield>
  </datafield>
  <datafield tag="040" ind1=" " ind2=" ">
    <subfield code="a">DLC</subfield>
    <subfield code="b">eng</subfield>
    <subfield code="c">DLC</subfield>
    <subfield code="d">DLC</subfield>
    <subfield code="d">Uk</subfield>
    <subfield code="d">EG-ScBUE</subfield>
  </datafield>
  <datafield tag="043" ind1=" " ind2=" ">
    <subfield code="a">a-tu---</subfield>
  </datafield>
  <datafield tag="082" ind1="0" ind2="4">
    <subfield code="a">320.9561</subfield>
    <subfield code="2">22</subfield>
    <subfield code="b">CAG</subfield>
  </datafield>
  <datafield tag="100" ind1="1" ind2=" ">
    <subfield code="a">&#xC7;a&#x1E7;aptay, Soner.</subfield>
  </datafield>
  <datafield tag="245" ind1="1" ind2="4">
    <subfield code="a">The rise of Turkey :</subfield>
    <subfield code="b">the twenty-first century's first Muslim power /</subfield>
    <subfield code="c">Soner Cagaptay.</subfield>
  </datafield>
  <datafield tag="260" ind1=" " ind2=" ">
    <subfield code="a">Lincoln :</subfield>
    <subfield code="b">Potomac Books / University of Nebraska Press,</subfield>
    <subfield code="c">c.2014.</subfield>
  </datafield>
  <datafield tag="300" ind1=" " ind2=" ">
    <subfield code="a">xvi, 168 p. :</subfield>
    <subfield code="b">ill. ;</subfield>
    <subfield code="c">24 cm.</subfield>
  </datafield>
  <datafield tag="500" ind1=" " ind2=" ">
    <subfield code="a">Index : p. 165-168.</subfield>
  </datafield>
  <datafield tag="504" ind1=" " ind2=" ">
    <subfield code="a">Bibliography :161-164.</subfield>
  </datafield>
  <datafield tag="505" ind1="0" ind2=" ">
    <subfield code="a">Introduction : rising Turkey and its challenges -- Turkey's new world -- Conservative Islam meets capitalism -- The military gets on board -- Is Turkish power myth or reality? -- Beyond Ottoman benevolence -- The other Turkey -- Can Turkey make it? -- Is there room for Turkey in the West? -- Lessons for America.</subfield>
  </datafield>
  <datafield tag="650" ind1=" " ind2="7">
    <subfield code="a">Islam and state</subfield>
    <subfield code="z">Turkey.</subfield>
    <subfield code="2">BUEsh</subfield>
    <subfield code="9">15624</subfield>
  </datafield>
  <datafield tag="650" ind1=" " ind2="0">
    <subfield code="a">World politics</subfield>
    <subfield code="y">21st century.</subfield>
    <subfield code="2">BUEsh</subfield>
  </datafield>
  <datafield tag="651" ind1=" " ind2="0">
    <subfield code="a">Turkey</subfield>
    <subfield code="x">Foreign relations</subfield>
    <subfield code="y">21st century.</subfield>
    <subfield code="2">BUEsh</subfield>
  </datafield>
  <datafield tag="651" ind1=" " ind2="0">
    <subfield code="a">Turkey</subfield>
    <subfield code="x">Economic conditions</subfield>
    <subfield code="y">21st century.</subfield>
    <subfield code="2">BUEsh</subfield>
  </datafield>
  <datafield tag="653" ind1=" " ind2=" ">
    <subfield code="b">BUSBOL</subfield>
    <subfield code="c">November2016</subfield>
  </datafield>
  <datafield tag="942" ind1=" " ind2=" ">
    <subfield code="2">ddc</subfield>
  </datafield>
  <datafield tag="999" ind1=" " ind2=" ">
    <subfield code="c">23280</subfield>
    <subfield code="d">23252</subfield>
  </datafield>
  <datafield tag="952" ind1=" " ind2=" ">
    <subfield code="0">0</subfield>
    <subfield code="1">0</subfield>
    <subfield code="2">ddc</subfield>
    <subfield code="4">0</subfield>
    <subfield code="7">0</subfield>
    <subfield code="8">Baccah</subfield>
    <subfield code="a">MAIN</subfield>
    <subfield code="b">MAIN</subfield>
    <subfield code="c">1ST</subfield>
    <subfield code="d">2016-11-22</subfield>
    <subfield code="e">Purchase</subfield>
    <subfield code="g">197.00</subfield>
    <subfield code="h">23587</subfield>
    <subfield code="l">3</subfield>
    <subfield code="m">12</subfield>
    <subfield code="o">320.9561 CAG</subfield>
    <subfield code="p">000034993</subfield>
    <subfield code="r">2025-07-15 00:00:00</subfield>
    <subfield code="s">2024-04-21</subfield>
    <subfield code="v">246.00</subfield>
    <subfield code="y">BB</subfield>
  </datafield>
</record>
